The Last Kids on Earth and the Skeleton Road-7 (Record no. 12326)

MARC details
000 -LEADER
fixed length control field 00280nam a22000977a 4500
008 - FIXED-LENGTH DATA ELEMENTS--GENERAL INFORMATION
fixed length control field 230609b |||||||| |||| 00| 0 eng d
020 ## - INTERNATIONAL STANDARD BOOK NUMBER
International Standard Book Number 9780603579738
100 ## - MAIN ENTRY--PERSONAL NAME
Personal name Brallier Max
9 (RLIN) 7685
245 ## - TITLE STATEMENT
Title The Last Kids on Earth and the Skeleton Road-7
260 ## - PUBLICATION, DISTRIBUTION, ETC. (IMPRINT)
Place of publication, distribution, etc. United States
Name of publisher, distributor, etc. Viking
Date of publication, distribution, etc. 2015
Holdings
Withdrawn status Lost status Source of classification or shelving scheme Damaged status Koha normalized classification for sorting Not for loan Home library Current library Shelving location Date acquired Total Checkouts Full call number Barcode Date last seen Date last checked out Price effective from Koha item type
    Dewey Decimal Classification   BRA_823_000000000000000   Good Samaritan School Library Good Samaritan School Library FICTION 06/09/2023 7 BRA823 BRA17610 07/08/2024 05/07/2024 06/09/2023 BOOK

Powered by Koha